LEADER 01424nam a2200265 i 4500 001 000000347364 003 CaOOAMICUS 005 20240315120914.0 008 210823s1907 it u000 u ita u 040 $aSeMil$bita 100 1 $aFerreres, Juan Bautista <1861-1936>.$0(OLS)http://semarc/name/12134 245 13$aLa Morte reale e La Morte apparente in relazione ai Sacramenti /$cdel R. P. G. B. Ferreres ; traduzione italiana fatta sulla 3. edizione spagnuola per cura del Sac. Dott. G. B. Geniesse con note dello stesso. 260 $aRoma :$bScuola Tipografica Salesiana,$c1905. 300 $aXI, 72 p. ;$c24 cm 500 $aIn mezzo al front : Studio fisiologico-teologico già pubblicato nella rivista "Razón y fe" 650 4$aSacramenti - Studi.$0(OLS)http://semarc/subject/272 650 4$aMorte.$0(OLS)http://semarc/subject/6140 700 1 $aGeniesse, G. B.,$etraduttore.$0(OLS)http://semarc/name/24366 850 $aSeMil 852 $aSeMil$W1$xVenegono$y1$m5A VI 6/20$j228108$B238432$CSeMilBibl$Z2$F238432 $81 852 $aSeMil$W1$xVenegono$y1$m5B VI 5/19$j246829$B248773$CSeMilBibl$Z2$F248773 $81 961 $aVolume con sottolineature (a penna) 996 $6245$aLa Morte reale e La Morte apparente in relazione ai Sacramenti$9(OLS)http://semarc/title/436635 996 $6260$aRoma :$bScuola Tipografica Salesiana$9(OLS)http://semarc/publisher/33880 LEADER 00880nam a2200217 i 4500 001 000000100034 003 CaOOAMICUS 005 20180830171904.0 008 180830s1958 xx u000 u und u 013 $a72186 040 $aSeMil$bita 100 1 $aBernardino : da Siena ,$c.$0(OLS)http://semarc/name/89161 245 13$aLe prediche volgari. Predicazione del 1425 in Siena. 260 $aFirenze :$bRinaldi,$c1958. 300 $a300 p. 650 4$aPredicazione - Sec. 15. - Testi.$0(OLS)http://semarc/subject/2058 700 1 $aCannarozzi, Ciro.$0(OLS)http://semarc/name/43361 850 $aSeMil 852 $aSeMil$W1$xVenegono$y1$m299 1 1 *$j57287$B57287$CSeMilBibl$Z2$F67545 $81 996 $6245$aLe prediche volgari. Predicazione del 1425 in Siena$9(OLS)http://semarc/title/147340 996 $6260$aFirenze :$bRinaldi$9(OLS)http://semarc/publisher/44617